000 00484nam a2200133Ia 4500
008 100328s9999 xx 000 0 und d
082 _b48542
100 _aकिणीकर रॉय
245 _aएकदाच अशी रात्र येते
260 _bमेहता पब्लिशिंग हाऊस
630 _aएकदाच अशी रात्र येते
730 _aएकदाच अशी रात्र येते
942 _cBOOK
999 _c536152
_d536149